| 000 | 00873cab a2200241 4500 | ||
|---|---|---|---|
| 001 | ABS51501 | ||
| 008 | 090401t1994 xxu||||| |||| 00| 0 eng d | ||
| 035 | _a(Sirsi) u30618 | ||
| 041 | _aeng | ||
| 100 | _aHancock, G. | ||
| 245 | _aUnderpinning - a specialist`s view | ||
| 260 | _c1994 | ||
| 350 | _a0 | ||
| 490 |
_aConstruction Repair _v8(5) September/October 1994, 19-20(2) |
||
| 520 | _aAsserts the role of underpinning as a solution to subsidence in older or ancient buildings. Gives examples to illustrate some of the difficulties which may be encountered whilst undertaking such work. | ||
| 650 | _aBUILT ENVIRONMENT-BUILDING ELEMENTS-COMPLETE BUILDING ELEMENTS-FOUNDATIONS | ||
| 650 | _aOLDER BUILDINGS | ||
| 650 | _aPILING | ||
| 650 | _aUNDERPINNING | ||
| 690 | _aBUILDING AND CONSTRUCTION-DEFECTS AND FAILURES | ||
| 942 | _n0 | ||
| 948 | _c04/03/1997 | ||
| 999 |
_c20639 _d20639 |
||